Ballon d'or - Mort Subite - Statistiques

Statistiques générales
  • Ce quiz a été pris 2 285 fois
  • Le résultat moyen est 8 sur 26
Answers on the Grid
Answers color-coded by a green-red scale on the quiz's grid according to % correct below.
Alain Giresse
Allan Simonsen
Antoine Griezmann
Cristiano Ronaldo
Davor Suker
Deco
Dennis Bergkamp
Dida
Diego Maradona
Djemal Ofès
Eden Hazard
Eusebio
Ferenc Puskas
Franck Ribery
Frank Rijkaard
George Best
George Weah
Gerd Müller
Gianluigi Buffon
Hristo Stoitchkov
Jean Pierre Papin
Jean Tigana
Jude Bellingham
Just Fontaine
Karim Benzema
Karl Heinz Rummenigge
Lev Yachine
Lionel Messi
Lotthar Matthäus
Luis Suarez
Marco Van Basten
N'golo Kanté
Neymar
Oleg Blokhine
Omar Sivori
Paolo Rossi
Pavel Nedved
Pelé
Rivaldo
Rivaldo
Robert Lewandowski
Roberto Baggio
Roberto Carlos
Roger Milla
Ronaldinho
Ruud Gullit
Samuel Eto'o
Sandor Kocsis
Stanley Matthew
Thierry Henry
Thomas Müller
Zinedine Zidane
 
Statistiques - réponses
Réponse % Correct
Cristiano Ronaldo
90%
Lionel Messi
47%
Eusebio
44%
Zinedine Zidane
43%
Karim Benzema
42%
George Weah
38%
Ronaldinho
38%
Jean Pierre Papin
37%
George Best
36%
Lev Yachine
34%
Marco Van Basten
33%
Pavel Nedved
33%
Gerd Müller
31%
Rivaldo
31%
Rivaldo
31%
Hristo Stoitchkov
28%
Ruud Gullit
27%
Roberto Baggio
26%
Lotthar Matthäus
25%
Karl Heinz Rummenigge
22%
Allan Simonsen
20%
Stanley Matthew
20%
Paolo Rossi
17%
Luis Suarez
15%
Oleg Blokhine
13%
Omar Sivori
13%
Aucun quiz correspondant
Distribution des résultats
% des personnes avec chaque résultat
Percentile par nombre de réponses
Votre historique - résultats
Vous n’avez pas pris ce quiz